[Event "Klaipeda Sea 15th"]
[Site "Klaipeda"]
[Date "2018.07.24"]
[Round "2"]
[White "Kaunas, Kestutis"]
[Black "Zujev, Oleg"]
[Result "1/2-1/2"]
[WhiteElo "2148"]
[BlackElo "2368"]
[PlyCount "154"]
[EventDate "2018.07.23"]
[EventType "tourn"]
[EventRounds "9"]
[EventCountry "LTU"]
[EventCategory "3"]
[SourceTitle "CBM 185 Extra"]
[Source "ChessBase"]
[SourceDate "2018.07.29"]
[SourceVersion "1"]
[SourceVersionDate "2018.07.29"]
[SourceQuality "1"]

1. d4 Nf6 2. c4 g6 3. Nc3 d5 4. Nf3 Bg7 5. Bg5 Ne4 6. cxd5 Nxg5 7. Nxg5 e6 8. Nf3 exd5 9. e3 0-0 10. Be2 c6 11. 0-0 a5 12. Rc1 Re8 13. Ne1 Bf8 14. Nd3 Nd7 15. Na4 Bd6 16. a3 h5 17. Nac5 Nf6 18. Re1 Kg7 19. Ne5 Bxe5 20. dxe5 Rxe5 21. Qd4 Re8 22. b4 axb4 23. axb4 b6 24. Nd3 Re4 25. Qb2 Qd6 26. Bf3 Re8 27. Qd4 Bf5 28. e4 c5 29. bxc5 bxc5 30. Nxc5 Qe7 31. e5 Kh7 32. h3 Ne4 33. Bxe4 dxe4 34. Nxe4 Bxe4 35. Rxe4 Ra5 36. Rce1 Qe6 37. R1e3 Rd5 38. Qc3 Rc8 39. Qb2 Rcc5 40. Rf4 Rb5 41. Qe2 Rxe5 42. Rxf7+ Qxf7 43. Rxe5 Rxe5 44. Qxe5 Qa7 45. Qf6 Qd7 46. f4 Qa7+ 47. Kh2 Qf2 48. h4 Qe3 49. Qg5 Qe2 50. Qe5 Qd1 51. Qe7+ Kg8 52. Qf6 Kh7 53. Qf7+ Kh6 54. Qg8 Qd4 55. Qf8+ Kh7 56. Qe7+ Kg8 57. Qg5 Qd6 58. Qe5 Qd8 59. Kg3 Qd3+ 60. Kf2 Qd2+ 61. Kf3 Qd3+ 62. Qe3 Qd7 63. g3 Kf7 64. Qb3+ Kg7 65. Qc3+ Kf7 66. Ke3 Qe6+ 67. Kd2 Qd5+ 68. Qd3 Qg2+ 69. Kc3 Kf6 70. Kd4 Qc6 71. Ke3 Qg2 72. Qd6+ Kf7 73. Qd7+ Kf6 74. Qd8+ Kf7 75. Qg5 Qg1+ 76. Ke4 Qb1+ 77. Kd5 Qb5+ 1/2-1/2

[Event "Klaipeda Sea 15th"]
[Site "Klaipeda"]
[Date "2018.07.23"]
[Round "1"]
[White "Juksta, Karolis"]
[Black "Kaunas, Kestutis"]
[Result "0-1"]
[WhiteElo "2187"]
[BlackElo "2148"]
[PlyCount "128"]
[EventDate "2018.07.23"]
[EventType "tourn"]
[EventRounds "9"]
[EventCountry "LTU"]
[EventCategory "3"]
[SourceTitle "CBM 185 Extra"]
[Source "ChessBase"]
[SourceDate "2018.07.29"]
[SourceVersion "1"]
[SourceVersionDate "2018.07.29"]
[SourceQuality "1"]

1. d4 Nf6 2. c4 e6 3. Nc3 d5 4. cxd5 exd5 5. Bg5 c6 6. Qc2 Be7 7. e3 0-0 8. Bd3 Nbd7 9. Nge2 Re8 10. 0-0 Nf8 11. f3 c5 12. Kh1 h6 13. Bh4 Ne6 14. dxc5 Nxc5 15. Bb5 Bd7 16. Bxd7 Ncxd7 17. Nd4 Qb6 18. Rad1 Bf8 19. Bf2 Rac8 20. Qb3 Qxb3 21. Nxb3 Nb6 22. Nd2 Bb4 23. Rc1 Rc6 24. a3 Bxc3 25. Rxc3 Rxc3 26. bxc3 Rc8 27. Rc1 Na4 28. c4 Nb2 29. Rc2 Nxc4 30. e4 Nb6 31. Rxc8+ Nxc8 32. e5 Nd7 33. f4 b6 34. Nb3 Ne7 35. Nd4 g5 36. Nb5 Nc6 37. g3 gxf4 38. gxf4 Kg7 39. Kg2 Nc5 40. Kf3 f6 41. exf6+ Kxf6 42. Kg4 Ne4 43. Bh4+ Kf7 44. h3 Nf6+ 45. Kf3 Kg6 46. Ke3 Kf5 47. Nd6+ Ke6 48. f5+ Kxd6 49. Bxf6 b5 50. h4 h5 51. Kf4 a5 52. Bb2 b4 53. axb4 axb4 54. Ke3 Ne5 55. Bd4 Nc4+ 56. Kd3 Kd7 57. Kc2 Nd6 58. Kb3 Nxf5 59. Bf2 Ke6 60. Kxb4 Ke5 61. Kc3 Ke4 62. Kb4 Kf3 63. Bg1 Nxh4 64. Kc5 Ke4 0-1

[Event "Panevezys op-A"]
[Site "Panevezys"]
[Date "2018.07.03"]
[Round "6"]
[White "Vaitonis, Vytautas"]
[Black "Kaunas, Kestutis"]
[Result "0-1"]
[WhiteElo "1841"]
[BlackElo "2148"]
[PlyCount "102"]
[EventDate "2018.06.29"]
[EventType "swiss"]
[EventRounds "9"]
[EventCountry "LTU"]
[SourceTitle "CBM 185 Extra"]
[Source "ChessBase"]
[SourceDate "2018.07.29"]
[SourceVersion "1"]
[SourceVersionDate "2018.07.29"]
[SourceQuality "1"]

1. d4 d5 2. Nf3 Nf6 3. c4 e6 4. g3 c6 5. Qb3 Nbd7 6. Nc3 Bd6 7. Bg2 0-0 8. 0-0 dxc4 9. Qxc4 e5 10. e4 exd4 11. Qxd4 Qe7 12. h3 Ne5 13. Nxe5 Bxe5 14. Qc4 Be6 15. Qe2 Bxc3 16. bxc3 Qc5 17. Qe3 Qxe3 18. Bxe3 Bc4 19. Rfe1 Rfe8 20. Bd4 Nd7 21. f4 b6 22. a3 c5 23. Bf2 Nf6 24. e5 Nd5 25. Rac1 Rad8 26. Bf3 f6 27. Bxd5+ Rxd5 28. exf6 Rxe1+ 29. Rxe1 gxf6 30. g4 Kf7 31. a4 Rd3 32. a5 Rxc3 33. axb6 axb6 34. Ra1 Rxh3 35. f5 Bd5 36. Be1 Bf3 37. Ra7+ Ke8 38. Rg7 Kf8 39. Rc7 Bxg4 40. Rc6 Ke7 41. Re6+ Kf7 42. Rxb6 Bxf5 43. Rb5 Kg6 44. Rxc5 Be4 45. Rc3 Rh1+ 46. Kf2 h5 47. Rg3+ Kf5 48. Rg1 Rh3 49. Rg3 Rh2+ 50. Kg1 Rh1+ 51. Kf2 h4 0-1